Home Appliances Logo Quiz - Statistics

General Stats
  • This quiz has been taken 104 times
  • The average score is 7 of 16
Answer Stats
Picture Answer % Correct
LG
98%
Samsung
94%
Toshiba
64%
Whirlpool
61%
KitchenAid
56%
Bosch
50%
General Electric
48%
Sharp
47%
Panasonic
39%
Maytag
28%
Haier
27%
Hotpoint
23%
Carrier
20%
Magic Chef
16%
Amana
14%
Kenmore
13%
No matching quizzes found
Score Distribution
Percent of People with Each Score
Percentile by Number Answered
Your Score History
You have not taken this quiz